| 000 | 00444nam a22001817a 4500 | ||
|---|---|---|---|
| 003 | CEME | ||
| 005 | 20210628203017.0 | ||
| 008 | 210216b xxu||||| |||| 00| 0 eng d | ||
| 020 | _a0-7506-5562-3 | ||
| 040 | _c. | ||
| 082 | _a005.3 MCB | ||
| 100 |
_aMcbride, P.K _960177 |
||
| 245 | _aOffice xp, made simple | ||
| 260 |
_aOXFORD _bMADE SIMPLE BOOKS _c2002 |
||
| 300 | _aXII,194 | ||
| 650 |
_aMICROSOFT OFFICE XP _962849 |
||
| 942 |
_cBK _2ddc |
||
| 999 |
_c571819 _d571819 |
||